Numerické modelovanie vŕtaných pilót
Enregistré dans:
| Auteur principal: | |
|---|---|
| Autres auteurs: | |
| Format: | Manuscrit Livre |
| Langue: | slovaque |
| Publié: |
2016
|
| Sujets: | |
| Accès en ligne: | http://is.stuba.sk/zp/portal_zp.pl?podrobnosti=117609 https://opac.crzp.sk/?fn=detailBiblioForm&sid=A86BEDB9942C84EDDC94318BE596 |
| Tags: |
Pas de tags, Soyez le premier à ajouter un tag!
|
MARC
| LEADER | 00000ntm a22000003a 4500 | ||
|---|---|---|---|
| 001 | stuzp56325 | ||
| 003 | SK-STU | ||
| 005 | 20230823112943.6 | ||
| 007 | ta | ||
| 008 | 150427s2015----xo-----f-mn---000-0-slo-d | ||
| 040 | |a STU |b slo | ||
| 041 | 0 | |a slo | |
| 100 | 1 | |a Borovská, Paulína |u 010150 |4 aut |U SvF Stavebná fakulta |T SvF Katedra geotechniky |X 7174 |U V150 |Y 15 |7 A000007174 | |
| 242 | 0 | 1 | |a Numerical modeling of bored piles |y eng |
| 245 | 1 | 0 | |a Numerické modelovanie vŕtaných pilót |
| 260 | |c 2016 | ||
| 650 | 4 | |a Numerické modelovanie pilót |2 slo | |
| 650 | 4 | |a vŕtané pilóty |2 slo | |
| 650 | 4 | |a CFA pilóty |2 slo | |
| 650 | 4 | |a medzná zaťažovacia krivka |2 slo | |
| 650 | 4 | |a Numerical modeling of pile |2 eng | |
| 650 | 4 | |a CFA piles |2 eng | |
| 650 | 4 | |a the limit load curve method |2 eng | |
| 650 | 4 | |a bored piles |2 eng | |
| 700 | 1 | |a Stacho, Jakub |u 010150 |k Z1 |4 ths |U SvF Stavebná fakulta |T SvF Katedra geotechniky |X 39264 |U V150 |Y 15 |7 A000039264 | |
| 856 | 4 | |u http://is.stuba.sk/zp/portal_zp.pl?podrobnosti=117609 | |
| 856 | 4 | |u https://opac.crzp.sk/?fn=detailBiblioForm&sid=A86BEDB9942C84EDDC94318BE596 | |
| SQL | |a stuzp56325 |b DDP |c SLO |d Numerické modelovanie vŕtaných pilót |e 7174 |f Borovská, Paulína |g 010150 |h 39264 |i Stacho, Jakub |j 20160614 |k 945 |l 01 |m http://is.stuba.sk/zp/portal_zp.pl?podrobnosti=117609 |n I-NKS |o 5.1.5. inžinierske konštrukcie a dopravné stavby | ||